Statistics for Nobel Peace Prize Winners

Click here to take the quiz!

General Stats

  • This quiz has been taken 9 times
  • The average score is 8 of 35

Answer Stats

HintAnswer% Correct
2009Barack Obama
100%
2007Al Gore
63%
2002Jimmy Carter
50%
2014Malala Yousafzai
50%
2012European Union
38%
2001Kofi Annan
38%
2001United Nations
38%
2019Abiy Ahmed
25%
2018Denis Mukwege
25%
2011Ellen Johnson Sirleaf
25%
2016Juan Manuel Santos
25%
2008Martti Ahtisaari
25%
2003Shirin Ebadi
25%
2004Wangari Muta Maathai
25%
2022Ales Bialiatski
13%
2022Centre for Civil Liberties
13%
2021Dmitry Muratov
13%
2006Grameen Bank
13%
2007Intergovernmental Panel on Climate Change
13%
2005International Atomic Energy Agency
13%
2017International Campaign to Abolish Nuclear Weapons
13%
2014Kailash Satyarthi
13%
2000Kim Dae-jung
13%
2011Leymah Gbowee
13%
2010Liu Xiaobo
13%
2021Maria Ressa
13%
2022Memorial
13%
2005Mohamed ElBaradei
13%
2006Muhammad Yunus
13%
2018Nadia Murad
13%
2023Narges Mohammadi
13%
2013Organisation for the Prohibition of Chemical Weapons
13%
2011Tawakkul Karman
13%
2015Tunisian National Dialogue Quartet
13%
2020World Food Programme
13%

Score Distribution

Percentile by Number Answered

Percent of People with Each Score

Your Score History

You have not taken this quiz